عرض عادي
عرض مارك
- الأراضي الزراعية
دخول Topical Term
001 - CONTROL NUMBER
- control field: 30189
003 - CONTROL NUMBER IDENTIFIER
- control field: AE-AdECS
005 - DATE AND TIME OF LATEST TRANSACTION
- control field: 20260609083655.0
008 - FIXED-LENGTH DATA ELEMENTS
- fixed length control field: 260609|| aca||aabn | a|a d
040 ## - CATALOGING SOURCE
- Original cataloging agency: AE-AdECS
- Transcribing agency: AE-AdECS
150 ## - HEADING--TOPICAL TERM
- Topical term or geographic name entry element: الأراضي الزراعية
670 ## - SOURCE DATA FOUND
- Source citation: Work cat.: (AE-AdECS)295249: أمين، سمير مؤلف. 30188, السياسات الزراعية والمسألة الفلاحية في مصر /
